[Event "Amsterdam Euwe Memorial"]
[Site "Amsterdam"]
[Date "1994.05.16"]
[Round "4"]
[White "Timman, Jan H"]
[Black "Short, Nigel D"]
[Result "1-0"]
[WhiteElo "2620"]
[BlackElo "2655"]
[Annotator "Ribli,Z"]
[PlyCount "127"]
[EventDate "1994.05.12"]
[EventType "tourn"]
[EventRounds "6"]
[EventCountry "NED"]
[EventCategory "18"]
[SourceTitle "CBM 041"]
[Source "ChessBase"]
[SourceDate "1994.08.01"]
[SourceVersion "1"]
[SourceVersionDate "1994.08.01"]
[SourceQuality "1"]

1. c4 e5 2. Nc3 Nf6 3. Nf3 Nc6 4. g3 d5 5. cxd5 Nxd5 6. Bg2 Nb6 7. O-O Be7 8.
Rb1 a5 (8... g5 $6 {Serper,G-Kortschnoj,V/Groningen PCA/1993/CBM39/INF59,48/})
9. b3 $5 (9. a3 {Hodgson,JM-Romanishin,O/Groningen PCA/1993/CBM39/INF59,47/})
9... O-O 10. Bb2 f5 (10... Be6 {/\f6}) 11. d3 Bf6 12. Nd2 Be6 13. Nc4 Rf7 (
13... Nxc4 14. bxc4 $14) 14. e4 $5 (14. Na4 $2 Nxa4 15. bxa4 e4 $1 16. Bxf6
Qxf6 17. Rxb7 Bxc4 18. dxc4 Rd8 $44) (14. f4 $5) 14... f4 (14... fxe4 15. Nxe4
$14) 15. Nxb6 cxb6 16. Nd5 g5 (16... Bxd5 $5 17. exd5 Nb4 18. d4 exd4 19. Bxd4
Nxa2 $5 $13 (19... Nxd5 20. Qh5 g6 21. Qxd5 Bxd4 22. Rbd1 $44)) 17. Qh5 Bg7 $2
(17... Rg7 $142 18. Bh3 $2 (18. Rbc1 $13) 18... g4) 18. Bh3 Bxh3 (18... Bxd5
19. exd5 Qxd5 20. Qxg5 $14) 19. Qxh3 Nb4 20. Qe6 $1 $16 Nxd3 21. Ba3 Nc5 22.
Bxc5 $1 (22. Qxb6 Nxe4 23. Ne7+ Kh8 24. Qxb7 Nc3 25. Ng6+ Kg8 26. Ne7+ $10)
22... bxc5 23. Rbc1 Ra6 24. Qg4 Qf8 (24... Rc6 25. Rfd1 $1) 25. Qxg5 Rg6 26.
Qh5 b6 27. Rcd1 Qc8 28. Qf5 $1 Qe8 (28... Rxf5 29. Ne7+ Kf7 30. Nxc8 $16) 29.
Qh3 Rh6 30. Qg4 Rg6 31. Qh3 Rh6 32. Qg2 f3 33. Qh1 Qe6 (33... Qc8 $2 34. Qxf3
$1 Rxf3 35. Ne7+ $18) 34. Ne3 $1 (34. Rd3 Qg4 $1) 34... Bf8 $2 (34... Rh4 $6
35. gxh4 Qg6+ 36. Ng2 Bf8 37. Rd3 $1) (34... Qg6 $1 35. Nf5 $1 Rxf5 36. exf5
Qxf5 37. Rd5 $1 $16) 35. Rfe1 Qh3 36. Nc4 Re6 37. Rd3 b5 38. Nd2 c4 $5 39. bxc4
Rd6 40. Rxd6 $1 Bxd6 41. Nxf3 Qg4 (41... Qh5 42. Nh4 Bb4 43. Rf1 bxc4 44. Qg2 {
/\Qh3}) 42. Nh4 Bb4 43. Nf5 $1 Rxf5 44. exf5 Bxe1 45. Qd5+ Kf8 46. Qd6+ Kf7 47.
Qe6+ Kf8 48. Qf6+ Kg8 49. Qxe5 Qd1 50. Qe6+ Kf8 51. cxb5 Bb4+ (51... Qd2 $5 52.
Kg2 (52. Qb6 $5) 52... Qxf2+ 53. Kh3 Qf1+ 54. Kg4 $14) 52. Kg2 Qd4 53. b6 Bc5
54. b7 Qxf2+ 55. Kh3 Qf1+ 56. Kg4 Qd1+ 57. Kh4 Qd8+ 58. f6 Bd6 59. Qc8 Qe8 60.
h3 Be5 61. Kg5 Bxg3 62. Kh6 Kf7 63. Qxe8+ Kxe8 64. Kg7 1-0

[Event "Sydney Cepacol"]
[Site "Sydney"]
[Date "1991.??.??"]
[Round "5"]
[White "Gedevanishvili, Dmitry"]
[Black "Handoko, Edhi"]
[Result "1/2-1/2"]
[WhiteElo "2400"]
[BlackElo "2390"]
[Annotator "Ribli,Z"]
[PlyCount "62"]
[EventDate "1991.01.??"]
[EventType "tourn"]
[EventRounds "9"]
[EventCountry "AUS"]
[EventCategory "9"]
[SourceTitle "CBM 023"]
[Source "ChessBase"]
[SourceDate "1991.08.01"]
[SourceVersion "1"]
[SourceVersionDate "1991.08.01"]
[SourceQuality "1"]

1. c4 Nf6 2. Nc3 e5 3. Nf3 Nc6 4. g3 Bb4 5. Bg2 O-O 6. O-O Re8 7. Nd5 Bc5 (7...
Nxd5 8. cxd5 Nd4 9. Nxd4 exd4 10. e3 c5 $2 (10... dxe3 11. dxe3 d6 12. Bd2 Bc5
13. b4 Bb6 14. Qc2 a5 15. Rfc1 a4 16. a3 $14 {Ribli,Z-Andersson,U Reggio Top
16 1991 CBM/22}) 11. a3 Ba5 12. exd4 cxd4 13. d6 $1 $16 {Timman,J-Huebner,R
Sarajevo cm 1991 CBM/22}) 8. d3 h6 $5 (8... Nxd5 $6 9. cxd5 Nd4 10. Nd2 d6 11.
e3 Nf5 12. Nc4 Ne7 13. Bd2 c6 14. b4 Bb6 15. dxc6 bxc6 16. b5 $14 {Gheorghiu,
F-Benkö,P Las Palmas 1972}) 9. Rb1 a5 10. Nd2 Ba7 11. a3 d6 12. b4 axb4 13.
axb4 Nd4 14. e3 Ne6 15. Bb2 Nxd5 16. cxd5 Ng5 17. h4 Nh7 18. Ra1 Bf5 19. Qc2 b5
20. Nb3 Bb6 21. e4 Rxa1 22. Rxa1 Bg6 23. Qc6 f5 24. Bxe5 $1 fxe4 25. dxe4 Rf8
26. Bf4 (26. Bd4 $2 Bxd4 27. Nxd4 Qf6 $1) 26... Nf6 27. Nc5 (27. Nd2 Nh5 $1 $15
) 27... dxc5 (27... Be8 $2 28. Ne6 $1) 28. bxc5 Be8 29. Qe6+ Bf7 30. Qc6 Be8
31. Qe6+ Bf7 1/2-1/2

[Event "Interzonal-15"]
[Site "Manila"]
[Date "1990.??.??"]
[Round "13"]
[White "Georgiev, Kiril"]
[Black "Hjartarson, Johann"]
[Result "1/2-1/2"]
[WhiteElo "2580"]
[BlackElo "2520"]
[Annotator "Ribli,Z"]
[PlyCount "128"]
[EventDate "1990.06.29"]
[EventType "swiss"]
[EventRounds "13"]
[EventCountry "PHI"]
[SourceTitle "CBM 019"]
[Source "ChessBase"]
[SourceDate "1990.12.01"]
[SourceVersion "1"]
[SourceVersionDate "1990.12.01"]
[SourceQuality "1"]

1. c4 Nf6 2. Nc3 e5 3. Nf3 Nc6 4. g3 Bb4 5. Bg2 O-O 6. O-O e4 7. Ne1 Bxc3 8.
dxc3 h6 9. Nc2 d6 10. Ne3 Re8 11. Qc2 b6 12. Rd1 Bb7 (12... a5 13. b3 Rb8 14.
a4 Ne5 15. Nd5 Nxd5 16. cxd5 f5 17. c4 Bd7 $10 {Kortschnoj-Mecking Augusta m
1974 17/59}) 13. Nd5 Rb8 14. b3 (14. Nxf6+ Qxf6 15. Bxe4 Qe6 16. f3 Na5 $44)
14... Kh8 15. Bf4 (15. Nxf6 Qxf6 16. Bxe4 Nb4) 15... Ne5 16. Bxe4 Nxe4 17. Qxe4
Ng6 18. Qf3 Qd7 19. Rd2 Re6 20. Qg4 Rbe8 21. Rad1 Nxf4 22. Nxf4 Rxe2 $1 23.
Rxe2 Qxg4 24. Rxe8+ Kh7 25. Rd3 Qf5 26. Ree3 Be4 27. Rd4 Bb1 28. a3 Qc2 29. b4
Qc1+ 30. Kg2 Qxa3 31. b5 a5 32. bxa6 Qxa6 33. Nd5 c5 34. Rf4 f5 35. g4 Be4+ 36.
Rexe4 fxe4 37. Rxe4 Qa2 38. Ne3 Qb3 39. Re7 Qxc3 40. Rb7 Qe5 41. Rxb6 g6 42.
Rb7+ Kg8 43. Rb8+ Kf7 44. Rb7+ Ke8 45. Rb8+ Kf7 46. Rb7+ Ke8 47. Rb8+ Kd7 48.
Rb7+ Kc8 49. Rh7 Qf4 50. h3 Kb8 51. Re7 h5 52. Re6 Kb7 53. Kg1 hxg4 54. hxg4 g5
55. Kg2 Kc8 56. Kf1 Kd7 57. Re7+ Kd8 58. Ra7 Qe4 59. Rf7 d5 60. cxd5 c4 61. Rf6
Qd3+ 62. Kg2 c3 63. Rc6 Kd7 64. Kf3 Kd8 {Ribli} 1/2-1/2

[Event "Biel"]
[Site "Biel"]
[Date "1990.??.??"]
[Round "10"]
[White "Lautier, Joel"]
[Black "Karpov, Anatoly"]
[Result "1/2-1/2"]
[WhiteElo "2570"]
[BlackElo "2730"]
[Annotator "Ribli,Z"]
[PlyCount "93"]
[EventDate "1990.07.??"]
[EventType "tourn"]
[EventRounds "14"]
[EventCountry "SUI"]
[EventCategory "14"]
[SourceTitle "CBM 019"]
[Source "ChessBase"]
[SourceDate "1990.12.01"]
[SourceVersion "1"]
[SourceVersionDate "1990.12.01"]
[SourceQuality "1"]

1. c4 Nf6 2. Nc3 e5 3. g3 Bb4 4. Bg2 O-O 5. Nf3 Re8 6. O-O e4 7. Nd4 Nc6 8. Nc2
Bxc3 9. dxc3 h6 10. Ne3 d6 {-> A 29} 11. f4 exf3 (11... Ne7 12. h3 Nf5 13. g4
$2 (13. Nxf5 Bxf5 14. g4) 13... Nxe3 14. Bxe3 h5 $1 15. g5 Nh7 16. c5 dxc5 17.
Bxc5 Bf5 $10 {Holmov-Vaganian Moskva 1975 20/50}) 12. exf3 Bd7 13. h3 Ne7 $1
14. Qc2 (14. f4 Nf5 15. Nxf5 Bxf5 {>< e4}) 14... d5 $1 15. cxd5 Nexd5 16. Qf2
Qc8 17. Kh2 b6 18. c4 Nxe3 19. Bxe3 c5 20. Rad1 Re6 21. Bd2 Bc6 22. Bc3 Qb7 23.
Rfe1 Rae8 $10 24. Rxe6 Rxe6 25. Re1 Rxe1 26. Bxe1 Nh7 27. h4 Nf8 28. Bc3 Ne6
29. Kg1 a6 30. Qe3 b5 31. Bh3 b4 32. Be5 Bxf3 33. Bxe6 fxe6 34. Bd6 Bg4 35.
Bxc5 Qc6 36. Kh2 a5 37. b3 Bf5 38. Bd4 Qe4 39. Qxe4 Bxe4 40. Bb6 Bb1 41. c5 Kf7
42. Bxa5 Ke8 43. c6 Bxa2 44. Bxb4 Bxb3 45. Bf8 h5 46. g4 g6 47. gxh5 {Ribli}
1/2-1/2

[Event "Hastings 9192"]
[Site "Hastings"]
[Date "1991.??.??"]
[Round "10"]
[White "Hodgson, Julian M"]
[Black "Bareev, Evgeny"]
[Result "0-1"]
[WhiteElo "2570"]
[BlackElo "2680"]
[Annotator "Ribli,Z"]
[PlyCount "52"]
[EventDate "1991.12.??"]
[EventType "tourn"]
[EventRounds "14"]
[EventCountry "ENG"]
[EventCategory "14"]
[SourceTitle "CBM 027"]
[Source "ChessBase"]
[SourceDate "1992.04.01"]
[SourceVersion "1"]
[SourceVersionDate "1992.04.01"]
[SourceQuality "1"]

1. c4 e5 2. g3 Nf6 3. Bg2 d5 4. cxd5 Nxd5 5. Nc3 Nb6 6. Nf3 Nc6 7. O-O Be7 8.
a4 $6 a5 9. d4 exd4 10. Nb5 O-O $5 (10... Bf6 11. Bf4 Nd5 12. Nfxd4 Nxd4 13.
Bxd5 O-O 14. Bg2 c6 15. Nxd4 Qxd4 16. Rb1 Bf5 17. e4 Be6 18. b3 Rfd8 19. Qf3
Qd3 20. Rfd1 Qxf3 21. Bxf3 $10 {Kron,V-Baburin,A URS-sf Russia-ch Gorky 1989
CBM/16}) 11. Nfxd4 Nxd4 12. Nxd4 c6 $10 13. e3 Bf6 14. Qh5 Qe7 15. Bd2 Rd8 16.
Rfc1 Nd5 17. Rc4 g6 18. Qf3 c5 $1 19. Nb3 b6 20. e4 Ba6 $1 21. Rcc1 Nb4 $17 22.
e5 Bxe5 23. Re1 Nd3 24. Qe3 Bb7 $1 25. Bf1 Nxe1 26. Rxe1 Qf6 0-1

[Event "OHRA-B"]
[Site "Amsterdam"]
[Date "1990.??.??"]
[Round "8"]
[White "Dorfman, Josif D"]
[Black "Hellers, Ferdinand"]
[Result "0-1"]
[WhiteElo "2580"]
[BlackElo "2520"]
[Annotator "Ribli,Z"]
[PlyCount "84"]
[EventDate "1990.07.??"]
[EventType "swiss"]
[EventRounds "9"]
[EventCountry "NED"]
[SourceTitle "CBM 020"]
[Source "ChessBase"]
[SourceDate "1991.02.01"]
[SourceVersion "1"]
[SourceVersionDate "1991.02.01"]
[SourceQuality "1"]

1. c4 e5 2. Nc3 Nc6 3. Nf3 Nf6 4. g3 d5 5. cxd5 Nxd5 6. Bg2 Nb6 7. O-O Be7 8.
a3 O-O 9. b4 Be6 10. Rb1 f6 11. d3 a6 12. Ne4 Ba2 13. Rb2 Bd5 14. Nc5 Rb8 15.
e4 Bf7 16. Be3 Nd7 17. Nb3 (17. Qc2 Nxc5 18. bxc5 Qd7 19. Rfb1 {Gulko,
B-Seirawan,Y USA-ch 1989 CBM/19 48/28}) 17... a5 18. b5 (18. Nxa5 Nxa5 19. bxa5
Bxa3 20. Rb1 {/\ d4}) 18... a4 19. Nbd2 (19. bxc6 bxc6 $1) 19... Bxa3 20. Rb1
Nd4 21. Bxd4 exd4 22. Qxa4 Bc5 23. Qc2 (23. Nxd4 $2 Nb6 $1) 23... Qe7 24. Nb3
Qd6 25. Nfd2 Kh8 26. Nc4 Qe7 27. f4 Bb4 28. Nb2 Ra8 29. Kh1 Bc3 30. Nd1 Nc5 31.
Nc1 (31. Nxc3 Bxb3 $1) 31... Ra3 32. Nxc3 Rxc3 33. Qd2 Ra8 34. Rf2 Raa3 35. Bf1
Nxe4 $1 36. dxe4 Qxe4+ 37. Kg1 Qxb1 38. Qxd4 Rxc1 39. Qd8+ Bg8 40. Kg2 Qe4+ 41.
Kh3 Qf5+ 42. Kg2 Qd5+ 0-1

[Event "Bern"]
[Site "Bern"]
[Date "1991.??.??"]
[Round "8"]
[White "Zueger, Beat"]
[Black "Cramling, Pia"]
[Result "1-0"]
[WhiteElo "2425"]
[BlackElo "2470"]
[Annotator "Ribli,Z"]
[PlyCount "105"]
[EventDate "1991.02.??"]
[EventType "tourn"]
[EventRounds "9"]
[EventCountry "SUI"]
[EventCategory "9"]
[SourceTitle "CBM 022"]
[Source "ChessBase"]
[SourceDate "1991.06.01"]
[SourceVersion "1"]
[SourceVersionDate "1991.06.01"]
[SourceQuality "1"]

1. c4 e5 2. g3 Nf6 3. Bg2 d5 4. cxd5 Nxd5 5. Nc3 Nb6 6. Nf3 Nc6 7. O-O Be7 8.
a3 Be6 9. b4 O-O 10. Rb1 a6 11. d3 f5 (11... f6 12. Ne4 Ba2 13. Rb2 Bd5 14. Nc5
Rb8 15. e4 Bf7 16. Be3 {Dorfman,I-Hellers,F Amsterdam OHRA-B 1990 CBM/20}) 12.
Bb2 Bf6 13. Nd2 (13. Na4 e4 $1 14. Ne1 Nxa4 15. Qxa4 Ba2 16. Ra1 Bd5 17. Qc2
Qe7 $10 {Gomez,M-Garcia,G Salamanca 1989 CBM/13}) 13... Qe8 14. Na4 Rd8 15. Nc5
Bc8 16. Qc2 Rd6 17. a4 $1 Kh8 18. b5 axb5 19. axb5 Nd8 20. Ba3 Be7 21. Na4 $16
Nxa4 22. Bxd6 Bxd6 23. Qxa4 Ne6 24. e3 Qh5 25. Qd1 Qh6 26. Nf3 g5 27. d4 e4 28.
Ne5 g4 29. Ra1 Ng5 30. Ra8 Kg7 31. Qa1 Qe6 32. Rc1 Kh6 33. Nc4 Be7 34. Ne5 Bd6
35. Qa2 Qe7 36. Nc4 Be6 37. Rxf8 Qxf8 38. Qa7 Bxc4 39. Rxc4 Qf7 40. Rc1 b6 41.
Qa4 Qh5 42. Qc4 Kg7 43. Ra1 Nf3+ 44. Bxf3 gxf3 45. Ra8 Qh3 46. Qf1 Qh5 47. h4
$1 Qf7 48. Qa1 f4 49. exf4 Bxf4 50. d5+ Kh6 51. Qd4 Qf5 52. Re8 Bxg3 53. fxg3
1-0

[Event "Interzonal-15"]
[Site "Manila"]
[Date "1990.??.??"]
[Round "6"]
[White "Piasetski, Leon David"]
[Black "Sunye Neto, Jaime"]
[Result "1/2-1/2"]
[WhiteElo "2410"]
[BlackElo "2465"]
[Annotator "Ribli,Z"]
[PlyCount "140"]
[EventDate "1990.06.29"]
[EventType "swiss"]
[EventRounds "13"]
[EventCountry "PHI"]
[SourceTitle "CBM 019"]
[Source "ChessBase"]
[SourceDate "1990.12.01"]
[SourceVersion "1"]
[SourceVersionDate "1990.12.01"]
[SourceQuality "1"]

1. c4 e5 2. g3 Nc6 3. Bg2 Nf6 4. Nc3 Bb4 5. Nd5 a5 6. Nf3 (6. e3 $5 O-O 7. a3
Bc5 8. Ne2 d6 9. O-O Re8 10. h3 e4 $2 (10... Nxd5 11. cxd5 Ne7) 11. Nec3 Nxd5
12. cxd5 Ne7 13. Bxe4 Bxh3 14. Bxh7+ $16 {Kavalek-Pietzsch Sarajevo 1967 3/43})
6... O-O 7. O-O Re8 8. d3 h6 $1 9. e4 Bc5 10. h3 d6 11. Kh2 Nxd5 12. cxd5 Nd4
13. Be3 c6 14. dxc6 bxc6 15. Nxd4 Bxd4 16. Bxd4 exd4 17. f4 Rb8 18. Rf2 c5 19.
Qh5 a4 20. h4 Qd7 21. f5 f6 22. Qf3 Bb7 $10 23. Rc1 Rbc8 24. Rfc2 Re5 25. Qf4
Qe7 26. Rc4 a3 27. bxa3 Ra8 28. a4 Ba6 29. Bf3 Bxc4 30. Rxc4 Qb7 31. Bd1 Qb2+
32. Rc2 Qa3 33. Rd2 Rb8 34. Bb3+ Rxb3 35. axb3 Qxb3 36. g4 $1 Qxa4 37. g5 hxg5
38. hxg5 fxg5 39. Qxg5 Qe8 40. Rg2 Qe7 41. Qh6 $1 Qf7 42. Qxd6 Qh5+ 43. Kg3
Qg5+ 44. Kf3 Qh5+ 45. Kf4 Re8 46. Qg6 Qh4+ 47. Qg4 Qf6 48. Qh5 Qe5+ 49. Kf3 c4
$1 50. Qg6 Kf8 51. Rg5 Qf6 $1 (51... cxd3 52. f6 $1) 52. dxc4 Rc8 53. Qxf6+
gxf6 54. Rg6 Kf7 55. Ke2 Rxc4 56. Kd3 Ra4 57. Rg1 Ke7 58. Rg7+ Kd6 59. Rf7 Ke5
60. Re7+ Kf4 61. Re6 Kg5 62. Rd6 Kf4 63. Re6 Kg5 64. Re7 Kf4 65. Re8 Kg5 66.
Re6 Kf4 67. Rxf6 Ra3+ 68. Kxd4 Ra4+ 69. Kd5 Ra5+ 70. Ke6 Kxe4 {Ribli} 1/2-1/2

[Event "Interzonal-15"]
[Site "Manila"]
[Date "1990.??.??"]
[Round "8"]
[White "Sunye Neto, Jaime"]
[Black "El Taher, Fouad"]
[Result "1-0"]
[WhiteElo "2465"]
[BlackElo "2375"]
[Annotator "Ribli,Z"]
[PlyCount "67"]
[EventDate "1990.06.29"]
[EventType "swiss"]
[EventRounds "13"]
[EventCountry "PHI"]
[SourceTitle "CBM 019"]
[Source "ChessBase"]
[SourceDate "1990.12.01"]
[SourceVersion "1"]
[SourceVersionDate "1990.12.01"]
[SourceQuality "1"]

1. c4 e5 2. Nc3 Nf6 3. Nf3 Nc6 4. g3 d5 5. cxd5 Nxd5 6. Bg2 Nb6 7. O-O Be7 8.
a3 O-O 9. b4 Be6 10. Rb1 f6 11. d3 Nd4 12. Nxd4 (12. Bb2 Nxf3+ 13. Bxf3 c6 14.
Qc2 Qe8 15. Ne4 Ba2 16. Rbc1 Bd5 17. Nd2 Qf7 {Gulko,B-Huebner,R Munich 1990
CBM 18}) 12... exd4 13. Ne4 Bd5 14. Bb2 f5 15. Nd2 Bxg2 16. Kxg2 c6 (16... Kh8
17. Nf3 Bf6 18. Rc1 Qd7 19. Qb3 Rae8 20. Rc2 $13 {Azmayparashvili-Chandler
London 1989 48/27}) 17. Qb3+ Kh8 18. Nf3 $1 Bf6 19. Rfc1 Re8 20. Rc2 Qd6 21. a4
$1 Rad8 22. a5 Nc8 23. Ba3 b5 24. Bc1 Re6 25. Bg5 Qe7 26. h4 h6 27. Rh1 $1 Qd6
$2 (27... Rxe2 $2 28. Rxe2 Qxe2 29. Bxf6 gxf6 30. Re1 $18) (27... Red6 28. Rc5
$1) 28. Nxd4 Bxd4 29. Bxd8 c5 (29... Re8 30. Bg5 $1) 30. bxc5 Qc6+ 31. f3 Qe8
32. e4 Be5 33. exf5 Rc6 34. Re1 {Ribli} 1-0

[Event "Balatonbereny GM"]
[Site "Balatonbereny"]
[Date "1996.??.??"]
[Round "9"]
[White "Stangl, Markus"]
[Black "Bacrot, Etienne"]
[Result "1-0"]
[WhiteElo "2565"]
[BlackElo "2425"]
[Annotator "Ribli,Z"]
[PlyCount "45"]
[EventDate "1996.06.13"]
[EventType "tourn"]
[EventRounds "11"]
[EventCountry "HUN"]
[EventCategory "11"]
[SourceTitle "CBM 055"]
[Source "ChessBase"]
[SourceDate "1996.12.01"]
[SourceVersion "1"]
[SourceVersionDate "1996.12.01"]
[SourceQuality "1"]

1. c4 e5 2. Nc3 Nf6 3. Nf3 Nc6 4. g3 g6 (4... d5) (4... Bb4) 5. Bg2 Bg7 6. O-O
O-O 7. d4 exd4 {Ribli.Ich glaube, die beste schwarze Fortsetzung ist 7...d6
mit Zugumstellung zur Koenigsindischen Verteidigung.Die Partiefortsetzung gibt
das Zentrum ohne Gegenchancen auf.} 8. Nxd4 Re8 9. e3 {Ribli.9.Nxc6 eroeffnet
auch gute Moeglichkeiten fuer Weiss.Die Stellung ist aehnlich wie
Koenigsindisch, aber in unserer Stellung ist es ein Vorteil fuer Weiss, dass
er nicht e4 gespielt hat und so die Diagonale fuer den Laeufer g2 geoeffnet
ist. Ich glaube, beide obergenannten Zuege sind besser als die
Partiefortsetzung.} (9. Nc2 $6 d6 10. b3 Bf5 11. Rb1 a5 12. Re1 Ne4 13. Nxe4
Bxe4 14. f3 Bxc2 15. Qxc2 Bd4+ 16. e3 Qg5 $36 {Hansen,Cu-Akopian,V/Groningen/
1991/CBM27/}) 9... Ne5 $2 (9... Nxd4 10. exd4 d6 11. Bf4 Rb8 12. c5 Nh5 13. Be3
dxc5 14. dxc5 Qxd1 15. Rfxd1 $14 {Kortschnoj,V-Fontanie,R/Cannes mT/1996/EXP51/
}) (9... Rb8 $5 10. b3 Nxd4 11. exd4 a6 (11... d6 12. h3 a6 13. Be3 b5 14. cxb5
axb5 15. Rc1 b4 16. Ne2 Bb7 17. d5 $36 {Ivanov,V-Adams,M/BCF-ch/1987/}) 12. a4
(12. Be3 $5) 12... d6 13. h3 Bf5 14. Be3 h5 15. Qd2 Ne4 $10 {Schamkovich,
L-Akopian,V/Palma de Mallorca/1989/}) 10. b3 $14 d6 11. h3 $1 {Ribli. Weiss
schraenkt die Moeglichkeiten des schwarzen Damenlaeufers ein.} h5 $6 (11... Bd7
12. Bxb7 Bxh3) 12. Bb2 c6 13. Qc2 $16 a5 {Ribli.Schwarz findet keinen Plan.}
14. Rad1 Qc7 15. Ba3 h4 $2 (15... Be6 16. f4 Ned7 17. e4 $36) (15... Bf8) 16.
g4 Nexg4 $2 {[#] Ribli. Schwarz versucht im Trueben zu fischen, aber ich denke
dieses Opfer ist ein Akt der Verzweiflung, zum einen ist die Stellung schwer,
zum anderen befand sich der junge Franzose in diesem Turnier auf dem letzten
Platz.} 17. hxg4 Nxg4 18. Ne4 {Ribli. Schwarz hat nichts Serioeses fuer den
Materialverlust.} Bf8 19. f3 d5 (19... Nxe3 20. Nf6+ Kh8 21. Nxe8) 20. fxg4 $18
dxe4 21. Bxf8 Kxf8 22. Rf4 Bd7 23. Qf2 {Ribli.Und Weiss hat nicht nur
Materialuebergewicht,sondern auch Angriff.} 1-0

[Event "Altensteig"]
[Site "Altensteig"]
[Date "1995.??.??"]
[Round "10"]
[White "Gabriel, Christian"]
[Black "Georgiev, Kiril"]
[Result "0-1"]
[WhiteElo "2475"]
[BlackElo "2605"]
[Annotator "Ribli,Z"]
[PlyCount "40"]
[EventDate "1995.08.??"]
[EventType "tourn"]
[EventRounds "11"]
[EventCountry "GER"]
[EventCategory "12"]
[SourceTitle "CBM 049"]
[Source "ChessBase"]
[SourceDate "1995.12.01"]
[SourceVersion "1"]
[SourceVersionDate "1995.12.01"]
[SourceQuality "1"]

1. c4 e5 2. Nc3 Nf6 3. Nf3 Nc6 4. g3 d5 5. cxd5 Nxd5 6. Bg2 Nb6 7. O-O Be7 8.
Rb1 {Nach der neuesten Mode.} a5 $1 (8... f6 $6 9. d4 $1 exd4 10. Nb5 Bf5 11.
Bf4 Rc8 12. Rc1 $44 {Khalifman,A-Tiviakov,S/Linares/1995/CBM46/INF63,26/}) 9.
d3 (9. b3 $5 O-O 10. Bb2 f5 11. d3 Kh8 $5 12. Nd2 Be6 13. Nc4 Bf6 $13 {Levin,
F-Romanishin,O/Bad Endbach/1995/CBM47/}) 9... O-O 10. Be3 Be6 11. Bxb6 $6 {
Eine Neuerung, die fuer Weiss gar nichts bringt.} (11. Rc1 Re8 12. a3 h6 13.
Nd2 Rb8 14. Nb3 Nd5 15. Bd2 Qd7 $10 {Hansen,LB-Romanishin,O/Polanica Zdroj/
1993/CBM37/}) 11... cxb6 12. Nd2 b5 $1 {Weiss kann hier kaum noch auf
Eroeffnungsvorteil hoffen.} 13. Rc1 (13. Nxb5 Bxa2 14. Ra1 Be6 15. Nc4 Bc5 $13)
13... b4 14. Na4 Rc8 (14... Bxa2 $2 15. Bxc6 bxc6 16. b3 Bg5 17. e3 Qxd3 18.
Ra1 $16) 15. Nb3 $2 (15. Bxc6 $5 bxc6 16. Nc4 $15) 15... Nd4 $1 16. Rxc8 (16.
Bxb7 Rxc1 17. Nxc1 Qd7 $19) 16... Bxc8 17. Nac5 a4 $1 {Schwarz spielt sehr
energisch.} 18. Nxd4 (18. Nxa4 Nxb3 19. Qxb3 b5 $19) 18... Qxd4 19. Ne4 (19.
Nxa4 b5 20. e3 Qa7 $19) 19... Qxb2 $19 20. Qxa4 f5 {Ribli} 0-1